[Event "77. Alemania ch 2006"]
[Site "Osterburg GER"]
[Date "2006.02.11"]
[Round "9.18"]
[White "Schuster, Martin"]
[Black "Meier, Georg"]
[Result "1/2-1/2"]
[WhiteElo "2222"]
[BlackElo "2424"]
[PlyCount "81"]
[EventDate "2006.02.04"]
[EventType "swiss"]
[EventRounds "9"]
[EventCountry "GER"]
[Source "lmi"]
[SourceDate "2006.02.11"]

1. e4 e6 2. d4 d5 3. Nd2 dxe4 4. Nxe4 Qd5 5. Nc3 Bb4 6. Nf3 b6 7. Bd3 Ba6 8.
O-O Bxc3 9. bxc3 Bxd3 10. Qxd3 Ne7 11. Re1 O-O 12. Re5 Qd8 13. Rh5 Ng6 14. Ng5
h6 15. Nxe6 fxe6 16. Qxg6 Qf6 17. Qxf6 Rxf6 18. Ba3 Nd7 19. Re1 Rc8 20. c4 Rf4
21. c3 c5 22. Bc1 Rf6 23. d5 e5 24. Rh4 a6 25. a4 Rb8 26. Rhe4 b5 27. axb5 axb5
28. cxb5 Rxb5 29. c4 Rb4 30. Be3 Ra6 31. f4 exf4 32. Rxf4 Ra2 33. d6 Rbb2 34.
Rf2 Rxf2 35. Bxf2 Rd2 36. Re8+ Kh7 37. Bg3 Nb6 38. Re7 Nxc4 39. Rc7 Nxd6 40.
Bxd6 Rxd6 41. Rxc5 1/2-1/2

[Event "77. Alemania ch 2006"]
[Site "Osterburg GER"]
[Date "2006.02.11"]
[Round "9.19"]
[White "Stolz, Mike"]
[Black "Heinig, Wolfram"]
[Result "1/2-1/2"]
[WhiteElo "2385"]
[BlackElo "2338"]
[PlyCount "21"]
[EventDate "2006.02.04"]
[EventType "swiss"]
[EventRounds "9"]
[EventCountry "GER"]
[Source "lmi"]
[SourceDate "2006.02.11"]

1. e4 c6 2. d4 d5 3. Nc3 dxe4 4. Nxe4 Bf5 5. Ng3 Bg6 6. Nf3 Nd7 7. h4 h6 8. h5
Bh7 9. Bd3 Bxd3 10. Qxd3 Qc7 11. Bd2 1/2-1/2

[Event "77. Alemania ch 2006"]
[Site "Osterburg GER"]
[Date "2006.02.11"]
[Round "9.20"]
[White "Brener, Ilja"]
[Black "Michalczak, Thomas"]
[Result "1/2-1/2"]
[WhiteElo "2323"]
[BlackElo "2361"]
[PlyCount "107"]
[EventDate "2006.02.04"]
[EventType "swiss"]
[EventRounds "9"]
[EventCountry "GER"]
[Source "lmi"]
[SourceDate "2006.02.11"]

1. e4 e5 2. Nf3 Nc6 3. Bb5 a6 4. Ba4 Nf6 5. O-O Be7 6. Re1 b5 7. Bb3 O-O 8. h3
d6 9. c3 Nb8 10. d4 Nbd7 11. Nbd2 Bb7 12. Bc2 Re8 13. Nf1 Bf8 14. Ng3 g6 15. a4
c5 16. d5 c4 17. Bg5 h6 18. Be3 Nc5 19. Qd2 h5 20. Ra3 Rb8 21. Rea1 h4 22. Bxc5
dxc5 23. Nxh4 b4 24. cxb4 cxb4 25. Rf3 Nh7 26. Nhf5 gxf5 27. Nxf5 Bc8 28. Nh6+
Bxh6 29. Qxh6 Rb6 30. Rg3+ Rg6 31. Rxg6+ fxg6 32. Qxg6+ Kh8 33. Qh5 Bd7 34. a5
Qc7 35. Bd1 Rg8 36. Rc1 Rg5 37. Qh6 Rg8 38. Be2 c3 39. bxc3 bxc3 40. Bxa6 c2
41. Bd3 Qc3 42. Qe3 Qxa5 43. Rxc2 Ng5 44. Kh2 Qd8 45. f4 exf4 46. Qxf4 Rf8 47.
Qh4+ Kg7 48. Qg3 Kh8 49. e5 Bxh3 50. d6 Be6 51. Qh4+ Kg7 52. Rc7+ Rf7 53. Rxf7+
Bxf7 54. Qf4 1/2-1/2

[Event "77. Alemania ch 2006"]
[Site "Osterburg GER"]
[Date "2006.02.11"]
[Round "9.21"]
[White "Bischoff, Dieter"]
[Black "Schuetze, Norman"]
[Result "0-1"]
[WhiteElo "2147"]
[BlackElo "2161"]
[PlyCount "78"]
[EventDate "2006.02.04"]
[EventType "swiss"]
[EventRounds "9"]
[EventCountry "GER"]
[Source "lmi"]
[SourceDate "2006.02.11"]

1. d4 Nf6 2. c4 g6 3. Nc3 d5 4. Nf3 Bg7 5. Bg5 Ne4 6. Bh4 Nxc3 7. bxc3 dxc4 8.
e3 b5 9. a4 c6 10. Nd2 a6 11. Be2 O-O 12. Qb1 Bf5 13. e4 Bc8 14. O-O Nd7 15.
Qb4 Re8 16. Rfd1 Nb6 17. a5 Nd7 18. Bf3 Qc7 19. Bg3 e5 20. d5 Bf8 21. Qb2 Nc5
22. Qc2 cxd5 23. exd5 Bf5 24. Ne4 Bxe4 25. Bxe4 Bd6 26. Qe2 f5 27. Bc2 e4 28.
Bxd6 Qxd6 29. Rd4 Re5 30. f3 exf3 31. Qxf3 Rae8 32. Qg3 Nb7 33. Rdd1 Re3 34.
Qg5 Qc5 35. Kh1 Nd6 36. Qf6 Rf8 37. Qh4 Rxc3 38. Rd2 Re3 39. Rf1 b4 0-1

[Event "77. Alemania ch 2006"]
[Site "Osterburg GER"]
[Date "2006.02.11"]
[Round "9.22"]
[White "Zuse, Klaus-Peter"]
[Black "Gikas, Andreas Basilius"]
[Result "1-0"]
[WhiteElo "2333"]
[BlackElo "2231"]
[PlyCount "41"]
[EventDate "2006.02.04"]
[EventType "swiss"]
[EventRounds "9"]
[EventCountry "GER"]
[Source "lmi"]
[SourceDate "2006.02.11"]

1. e4 c5 2. Nf3 e6 3. d4 cxd4 4. Nxd4 a6 5. Bd3 Nc6 6. Be3 d5 7. exd5 Qxd5 8.
O-O Nf6 9. Nc3 Qd6 10. Ne4 Nxe4 11. Bxe4 Bd7 12. c3 Rc8 13. Qc2 Be7 14. Rad1
Qc7 15. f4 h6 16. Ne2 O-O 17. Kh1 Nb8 18. f5 f6 19. Nf4 Rfe8 20. fxe6 Bc6 21.
Bh7+ 1-0

[Event "77. Alemania ch 2006"]
[Site "Osterburg GER"]
[Date "2006.02.11"]
[Round "9.23"]
[White "Rathje, Christian"]
[Black "Holzschuh, Stephan"]
[Result "1/2-1/2"]
[WhiteElo "2130"]
[BlackElo "2257"]
[PlyCount "35"]
[EventDate "2006.02.04"]
[EventType "swiss"]
[EventRounds "9"]
[EventCountry "GER"]
[Source "lmi"]
[SourceDate "2006.02.11"]

1. c4 Nf6 2. g3 g6 3. Bg2 Bg7 4. Nc3 O-O 5. d3 e5 6. e4 d6 7. Nge2 c6 8. O-O
Nfd7 9. Be3 Na6 10. Qd2 f5 11. exf5 gxf5 12. f4 Nf6 13. h3 Nc7 14. Rab1 Qe7 15.
b4 Re8 16. Rfe1 Ne6 17. b5 c5 18. Nd5 1/2-1/2